000 00812cam a22002774a 4500
999 _c149798
_d149798
003 UPN
005 20220610163018.0
008 100906s2006 es r 000 f spa d
020 _a9789707311152
035 _aUPN01000177695
040 _aUPN
_bspa
_cUPN
049 _aCG
050 4 _aPQ9281 S2
_bE4a
100 1 _aSaramago, José,
_d1922-2010
_929596
245 1 0 _aEnsayo sobre la ceguera /
_cJosé Saramago ; tr. de Basilio Losada.
260 _aEspaña :
_bPunto de Lectura,
_c2006.
300 _a329 p.
490 _aPunto de lectura ;
_v3.2
534 _pTítulo original:
_tEnsaio sobre a cegueira
586 _aPremio Nobel de Literatura 1998
650 4 _aCEGUERA -
_vNOVELA
_9447
650 4 _aALEGORIA
_9446
650 0 _aNovela psicológica
_97120
905 _aLibro
942 _2lcc
_cLIBRO